| 000 | 00000nam 2200000zi 4500 |
| 001 | 9.939106 |
| 003 | CaOODSP |
| 005 | 20240909084447 |
| 006 | m o d f |
| 007 | cr mn||||||||| |
| 008 | 240607t20242024onc o f000 0 eng d |
| 020 | |a9780660722634 |
| 040 | |aCaOODSP|beng|erda|cCaOODSP |
| 043 | |an-cn--- |
| 045 | |ay2y2 |
| 086 | 1 |aIu4-397/2024E-PDF |
| 245 | 00|a2023 to 2024 Competition Bureau stakeholder awareness and influence survey / |cprepared for Innovation, Science and Economic Development Canada. |
| 246 | 17|a2023 to 2024 Competition Bureau stakeholder awareness and influence survey - research report |
| 264 | 1|aOttawa, ON : |bInnovation, Science and Economic Development Canada = Innovation, sciences et développement économique Canada, |c2024. |
| 264 | 4|c©2024 |
| 300 | |a1 online resource (180 pages) + |esummary (7 pages) |
| 336 | |atext|btxt|2rdacontent |
| 337 | |acomputer|bc|2rdamedia |
| 338 | |aonline resource|bcr|2rdacarrier |
| 500 | |aIssued also in French under title: Recherche de 2023-2024 sur la sensibilisation et l'influence des parties prenantes du Bureau de la concurrence. |
| 500 | |a"Supplier name: Earnscliffe Strategy Group." |
| 500 | |a"Contract number: CW2334003." |
| 500 | |a"Delivery date: April 29, 2024." |
| 500 | |a"Registration number: POR 062-23." |
| 610 | 10|aCanada. |bCompetition Bureau|xPublic opinion. |
| 650 | 0|aCompetition|xGovernment policy|zCanada|xPublic opinion. |
| 650 | 0|aPublic opinion|zCanada. |
| 710 | 1 |aCanada. |bInnovation, Science and Economic Development Canada, |eissuing body. |
| 710 | 2 |aEarnscliffe Strategy Group, |econsultant. |
| 775 | 08|tRecherche de 2023-2024 sur la sensibilisation et l'influence des parties prenantes du Bureau de la concurrence / |w(CaOODSP)9.939108 |
| 856 | 40|qPDF|s813 KB|uhttps://publications.gc.ca/collections/collection_2024/isde-ised/iu4/Iu4-397-2024-eng.pdf|z(final report) |
| 856 | 40|qPDF|s332 KB|uhttps://publications.gc.ca/collections/collection_2024/isde-ised/iu4/Iu4-397-2024-1-eng.pdf|z(executive summary) |
| 856 | 4 |qHTML|sN/A|uhttps://epe.bac-lac.gc.ca/100/200/301/pwgsc-tpsgc/por-ef/innovation_science_economic_development_canada/2024/062-23-e/POR062-23-report.html?page=1|z(final report) |
| 856 | 4 |qHTML|sN/A|uhttps://epe.bac-lac.gc.ca/100/200/301/pwgsc-tpsgc/por-ef/innovation_science_economic_development_canada/2024/062-23-e/summary/POR062-23-summary.html?page=1|z(executive summary) |
| 856 | 4 |qHTML|sN/A|uhttps://epe.bac-lac.gc.ca/100/200/301/pwgsc-tpsgc/por-ef/innovation_science_economic_development_canada/2024/062-23-e/index.html|z(complete dataset) |